Breads - Sudden Death - Statistics

General Stats
  • This quiz has been taken 45 times
  • The average score is 7 of 18
Answers on the Grid
Answers color-coded by a green-red scale on the quiz's grid according to % correct below.
Anpan
Focaccia
Dampfnudel
Bitterballen
Pakora
Karantika
Vánočka
Kutsinta
Zwieback
Bonbon
Crumpet
Marzipan
Injera
Nougat
Lavash
Panettone
Pastila
Tortilla
Wagashi
Khachapuri
Kefir
Shaobing
Rugbrød
Ayran
Tejuino
Ttongppang
Pita
Chapati
Brioche
Babka
 
Answer Stats
Answer % Correct
Focaccia
86%
Brioche
69%
Crumpet
69%
Pita
66%
Tortilla
63%
Chapati
49%
Rugbrød
46%
Panettone
37%
Lavash
31%
Dampfnudel
29%
Injera
26%
Babka
23%
Zwieback
23%
Khachapuri
17%
Anpan
14%
Vánočka
14%
Shaobing
3%
Ttongppang
3%
No matching quizzes found
Score Distribution
Percent of People with Each Score
Percentile by Number Answered
Your Score History
You have not taken this quiz